书目信息 |
| 题名: |
统计学原理
|
|
| 作者: | 栗方忠 主编 | |
| 分册: | ||
| 出版信息: | 大连 东北财经大学出版社 2004.7 |
|
| 页数: | 231页 | |
| 开本: | 23cm | |
| 丛书名: | 21世纪高职高专财经类专业核心课程教材 | |
| 单 册: | ||
| 中图分类: | C8 | |
| 科图分类: | ||
| 主题词: | 统计学--高等学校: 技术学校--教材 , 统计学 | |
| 电子资源: | ||
| ISBN: | 7-81084-426-1 | |
| 000 | 00782nam2 2200265 45 | |
| 001 | 012004000000 | |
| 005 | 20081024154642.73 | |
| 010 | @a7-81084-426-1@dCNY 19.00 | |
| 100 | @a20040920e20042004em y0chiy0121 ea | |
| 101 | 0 | @achi |
| 102 | @aCN@b210000 | |
| 105 | @aak z 000yy | |
| 200 | 1 | @a统计学原理@Atong ji xue yuan li@f栗方忠主编 |
| 205 | @a第2版 | |
| 210 | @a大连@c东北财经大学出版社@d2004.7@h2004.8重印 | |
| 215 | @a231页@c图, 表格@d23cm | |
| 225 | 2 | @a21世纪高职高专财经类专业核心课程教材 |
| 320 | @a本书含附录与参考文献 | |
| 410 | 0 | @12001 @a21世纪高职高专财经类专业核心课程教材 |
| 606 | 0 | @a统计学@x高等学校: 技术学校@j教材 |
| 606 | 0 | @a统计学 |
| 690 | @aC8@v4 | |
| 701 | 0 | @a栗方忠@Ali fang zhong@4主编 |
| 801 | 0 | @aCN@c20081024 |
| 905 | @a10447@dC8@eL375 | |
| 统计学原理/栗方忠主编.-第2版.-大连:东北财经大学出版社,2004.7(2004.8重印) |
| 231页:图, 表格;23cm.-(21世纪高职高专财经类专业核心课程教材) |
| ISBN 7-81084-426-1:CNY 19.00 |
| ● |
| 相关链接 |
|
|
|
正题名:统计学原理
索取号:C8/L375
 
预约/预借
| 序号 | 登录号 | 条形码 | 馆藏地/架位号 | 状态 | 备注 |
| 1 | 439530 | 204395305 | 社科库509/422社科库 52排2列5层/ [索取号:C8/L375] | 在馆 | |
| 2 | 439531 | 204395314 | 社科库509/509社科库 55排4列3层/ [索取号:C8/L375] | 在馆 | |
| 3 | 459179 | 204591799 | 社科库509/422社科库 52排2列5层/ [索取号:C8/L375] | 在馆 | |
| 4 | 459180 | 204591806 | 社科库509/509社科库 55排4列3层/ [索取号:C8/L375] | 在馆 | |
| 5 | 459181 | 204591815 | 社科库509/509社科库 55排4列3层/ [索取号:C8/L375] | 在馆 | |
| 6 | 459182 | 204591824 | 社科库509/509社科库 55排4列3层/ [索取号:C8/L375] | 在馆 | |
| 7 | 459183 | 204591833 | 社科库509/509社科库 55排4列3层/ [索取号:C8/L375] | 在馆 |